Not Many But One: (Record no. 204067)
[ view plain ]
| 000 -LEADER | |
|---|---|
| fixed length control field | 00865nam a22002657a 4500 |
| 005 - DATE AND TIME OF LATEST TRANSACTION | |
| control field | 20240709145828.0 |
| 008 - FIXED-LENGTH DATA ELEMENTS--GENERAL INFORMATION | |
| fixed length control field | 110312t xxu||||| |||| 00| 0 eng d |
| 010 ## - LCCN (DPL NO) | |
| LC control number | ENG-140864-65 |
| 020 ## - INTERNATIONAL STANDARD BOOK NUMBER | |
| International Standard Book Number | 9780670093991(Vol 1) |
| Terms of availability | 899.00 |
| 020 ## - INTERNATIONAL STANDARD BOOK NUMBER | |
| International Standard Book Number | 9780670094004(Vol 2) |
| Terms of availability | 999.00 |
| 035 ## - SYSTEM CONTROL NUMBER | |
| System control number | EN-124396-97 |
| 037 ## - SOURCE OF ACQUISITION | |
| Source of stock number/acquisition | DBAD |
| 050 ## - LIBRARY OF CONGRESS CALL NUMBER | |
| DPL Classification number | 170 |
| 082 ## - DEWEY DECIMAL CLASSIFICATION NUMBER | |
| Classification number | 170 |
| 100 ## - MAIN ENTRY--PERSONAL NAME | |
| Personal name | Sasidharan, G.K. |
| 9 (RLIN) | 26511 |
| 245 ## - TITLE STATEMENT | |
| Title | Not Many But One: |
| Remainder of title | Sree Narayana Guru's Philosophy of Universal Oneness/ |
| Statement of responsibility, etc | By G.K.Sasidharan, |
| 250 ## - EDITION STATEMENT | |
| Edition statement | 1st ed. |
| 260 ## - PUBLICATION, DISTRIBUTION, ETC. (IMPRINT) | |
| Place of publication, distribution, etc | Haryana |
| Name of publisher, distributor, etc | Penguin Random House Pvt Ltd |
| Date of publication, distribution, etc | 2020 |
| 270 ## - ADDRESS | |
| Address | 4th Floor, Capital Tower 1, MG Roaod , Gurugram |
| City | Haryana |
| Postal code | 122002 |
| 300 ## - PHYSICAL DESCRIPTION | |
| Extent | xx,455p. |
| Dimensions | 24cm(hb) |
| 300 ## - PHYSICAL DESCRIPTION | |
| Extent | 512p. |
| Dimensions | 24cm(hb) |
| 490 ## - SERIES STATEMENT | |
| Volume number/sequential designation | Volume 1, Volume 2 |
| 700 ## - ADDED ENTRY--PERSONAL NAME | |
| Personal name | A.P.J Abdul Kalam |
| 9 (RLIN) | 26513 |
| 942 ## - ADDED ENTRY ELEMENTS (KOHA) | |
| Source of classification or shelving scheme | Dewey Decimal Classification |
| Item type | English Books |
| Classification part | 170 |
| Call number suffix | SAS |
| Edition | 1 |
| Withdrawn status | Lost status | Source of classification or shelving scheme | Materials specified (bound volume or other part) | Damaged status | Not for loan | Collection code | Home library | Current library | Date acquired | Source of acquisition | Cost, normal purchase price | Total Checkouts | Full call number | Barcode | Date last seen | Copy number | Cost, replacement price | Koha item type |
|---|---|---|---|---|---|---|---|---|---|---|---|---|---|---|---|---|---|---|
| Dewey Decimal Classification | VOL-1 | Non-fiction | New Police Line | New Police Line | 09/07/2024 | DBAD | 899.00 | 170 SAS | EN-124396 | 09/07/2024 | 1 | 899.00 | English Books | |||||
| Dewey Decimal Classification | VOL 2 | Non-fiction | New Police Line | New Police Line | 09/07/2024 | DBAD | 999.00 | 170 SAS | EN-124397 | 09/07/2024 | 1 | 999.00 | English Books |
